| 000 | 00564nam a2200169 i 4500 | ||
|---|---|---|---|
| 001 | 85899 | ||
| 003 | ES-MaACL | ||
| 005 | 20230906175331.0 | ||
| 007 | t| | ||
| 008 | 041202s1966 sp ||||1| spa d | ||
| 100 | 1 |
_aKehrer, Hugo. _967725 |
|
| 245 | 1 | 0 |
_aAlemania en España _b: influjos y contactos a través de los siglos / _cHugo Kehrer ; traducción de Miguel Chamorro González. |
| 260 |
_a[Madrid] : _bAguilar, _c[1966] |
||
| 300 |
_aXIX, 159 p., 52 lám. ; _c22 cm. |
||
| 700 | 1 |
_aChamorro González, Miguel. _937897 |
|
| 852 |
_aES-MaACL _jC-31604 _bR.61670 |
||
| 999 |
_c85899 _d85899 |
||